European Geography By Letter H - Picture Quiz - Statistics

General Stats
  • This quiz has been taken 1,148 times
  • The average score is 9 of 18
Answer Stats
Picture Hint Answer % Correct
(country) Hungary
98%
(city) Hamburg
78%
(airport) Heathrow
74%
(structure) Hadrian's Wall
73%
(museum) Hagia Sophia
65%
(region) Holland
58%
(region) Highland
57%
(archipelago) Hebrides
54%
(animal) Heron
53%
(region) Herzegovina
51%
(town-battle) Hastings
48%
(state) Hesse
40%
(country personification) Helvetia
32%
Pillars of {Hercules}
31%
(estuary) Humber
22%
(island) Hvar
18%
(currency) Hryvnia
13%
(monastery) Hilandar
3%
No matching quizzes found
Score Distribution
Percent of People with Each Score
Percentile by Number Answered
Your Score History
You have not taken this quiz